01882nam a2200385 a 4500001001200000003000800012006001900020007001500039008004100054010001700095020003000112020002700142040002100169035002100190050002700211082001700238100003000255245013900285260003500424300001100459490006900470504005100539505033500590533015200925610002501077650005901102650003001161650002301191650003301214655002901247710001701276830005801293856012601351999001901477ebr10651913CaPaEBRm u cr cn|||||||||120416s2013 nyu sb 001 0 eng d z 2012014093 z9781433119521 (hardcover) z9781453908945 (e-book) aCaPaEBRcCaPaEBR a(OCoLC)82874353714aPS374.P646bR68 2013eb04a813/.5092231 aRothschild, Sarah,d1968-14aThe princess storyh[electronic resource] :bmodeling the feminine in twentieth-century American fiction and film /cSarah Rothschild. aNew York :bPeter Lang,c2013. a274 p.1 aModern American literature : new approaches,x1078-0521 ;vv. 62 aIncludes bibliographical references and index.0 aIntroduction: What is a princess story? -- A little princess: a first wave feminist girl -- Disney's first princess stories -- Second-wave feminists and ideologically intent princess stories -- Disney's "feminist" princess stories -- The third-wave princess story: a redefinition -- Romance and the princess' continuing relevance. aElectronic reproduction.bPalo Alto, Calif. :cebrary,d2013.nAvailable via World Wide Web.nAccess may be limited to ebrary affiliated libraries.20aWalt Disney Company. 0aAmerican fictiony20th centuryxHistory and criticism. 0aPrincesses in literature. 0aDisney characters. 0aFeminist literary criticism. 7aElectronic books.2local2 aebrary, Inc. 0aModern American literature (New York, N.Y.) ;vv. 62.40uhttp://site.ebrary.com/lib/rucke/Doc?id=10651913zAn electronic book accessible through the World Wide Web; click to view c179487d179487